000 00559nam a22001937a 4500
999 _c1734
_d1734
005 20230125090424.0
008 230125b ||||| |||| 00| 0 eng d
020 _a9781398318281
040 _cKH8
082 _a004 WAT
100 _aWatson,David
_eauthor
245 _a Cambridge IGCSE and O level computer science /
_cDavid Watson, Helen Williams
250 _a2nd ed.
260 _aLondon:
_bHodder Education,
_c2021.
300 _a1 volume ;
_bcol. ill:
_c28 cm
650 _aComputer science
700 _aWilliams, Helen
_eauthor
942 _2ddc
_cTR